| 000 | 00878nam a2200241 i 4500 | ||
|---|---|---|---|
| 001 | 188540 | ||
| 003 | ES-MaACL | ||
| 005 | 20250902063119.0 | ||
| 008 | 181214s1965 sp |||| | spa d | ||
| 100 | 1 |
_aPasolini, Pier Paolo, _d1922-1975 _989424 |
|
| 245 | 1 | 3 |
_aEl Evangelio según San Mateo / _cPier Paolo Pasolini ; volumen preparado por G. Gambetti ; con un prólogo de Miguel Porter ; [traducción, Antonio Gallifa]. |
| 260 |
_aBarcelona : _bAymá, _c1965. |
||
| 300 |
_a203 p., 16 lám. ; _c19 cm. |
||
| 490 | 1 |
_aVoz imagen. _aCine ; _v15 |
|
| 655 | 7 |
_2tgfbne _aGuiones cinematográficos _9234355 |
|
| 700 | 1 |
_aGallifa, Antonio. _953623 |
|
| 700 | 1 |
_aPorter i Moix, Miquel. _993234 |
|
| 700 | 1 |
_aGambetti, Giacomo. _9165769 |
|
| 830 | 1 |
_aVoz imagen. _aCine ; _v15 _9193071 |
|
| 852 |
_aES-MaACL _jP-155-bis-12 |
||
| 942 | _2udc | ||
| 999 |
_c188540 _d188540 |
||